| 000 | 01220nam a2200289Ia 4500 | ||
|---|---|---|---|
| 003 | OSt | ||
| 005 | 20221002050308.0 | ||
| 006 | a|||||r|||| 00| 0 | ||
| 007 | ta | ||
| 008 | 220930b |||||||| |||| 00| 0 hin d | ||
| 020 |
_a9789380172231 (hbk) _c560 |
||
| 024 | _a8813 | ||
| 037 |
_b20480, 08/01/2014, Hindi Madhyam Karyanvyan Nideshalye _cReference Collections |
||
| 040 |
_aCRL _cCRL _bhin |
||
| 041 |
_2hin _ahin |
||
| 082 | _aP152:4k, 168P9.1(RR) | ||
| 100 | _aउस्मानी, एम.एस. | ||
| 245 | 0 | _aहिंदी उर्दु-अग्रेंजी शब्दकोश | |
| 260 |
_aदिल्ली _bविश्वविद्यालय हिन्दी माध्यम भारत _c2009 |
||
| 300 |
_a699पृ0 _ccm. |
||
| 490 | _vभाग 1 | ||
| 650 | _aहिन्दी भाषा | ||
| 700 | _a सुधीर कुमार | ||
| 700 | _a उस्मानी, मीना | ||
| 942 |
_hP152:4k, 168P9.1(RR) _cref _2CC |
||
| 999 |
_c914322 _d914322 |
||